000 00592nam a2200205Ia 4500
003 GCL
008 140319s9999 xx 000 0 ara d
040 _aGCL /
_cGCL
082 0 4 _a811.01
_bن ت
100 1 _aنزار امال صعب
245 1 0 _aتأتينى بكل لون /
_cنزار امال صعب
260 _a[S.N] :
_bدار الحداثة ،
_c1994
300 _a95
490 _a
650 0 4 _aالشعر العربى
650 0 4 _aالشعر الغزلى
650 0 4 _aالشعر العاطفى
650 0 4 _aالشعر الشعبى اللبنانى
942 _2ddc
_cBK
999 _c42683
_d42683